| 000 | 00512nam a2200181Ia 4500 | ||
|---|---|---|---|
| 005 | 20250326141723.0 | ||
| 008 | 250326s9999 xx 000 0 und d | ||
| 037 | _aTextbook | ||
| 040 |
_aFMSL _beng _cFMSL |
||
| 041 |
_aeng _2eng |
||
| 084 |
_aX N0 _qFMSL |
||
| 100 |
_aMeigs R F _9744953 |
||
| 245 | 0 |
_aAccounting : The Basis for Business decisions _cMeigs R F; Meigs W B |
|
| 260 |
_aNew York _bNew York, Mc Graw-Hill _c1990 |
||
| 300 | _a1116p | ||
| 942 |
_cTB _hX N0 |
||
| 999 |
_c1291652 _d1291652 |
||